Travaux de l'Institut Français d'archeólogie orientale : 1969-1974 /

Saved in:

Main Author: Sauneron, Serge (Author)

Format: Book

Language: French

Published: Le Caire : Institut français d'archéologie orientale, 1974.

Subjects:

Tags: Add Tag

No Tags, Be the first to tag this record!

Call Number: DT56.8 .C45 1974

LEADER 00761nam a2200229Ma 4500
001 7892
003 OSt
005 20260429130435.0
008 130303s1974 ua af 000 0 fre d
040 |c ARCE Library 
043 |a f-ua--- 
050 4 |a DT56.8 .C45 1974 
100 1 |a Sauneron, Serge,  |e author 
245 1 0 |a Travaux de l'Institut Français d'archeólogie orientale :  |b 1969-1974 /  |c Serge Sauneron. 
264 1 |a Le Caire :  |b Institut français d'archéologie orientale,  |c 1974. 
300 |a 246 pages, [100] pages of plates :  |b illustrations ;  |c 27 cm. 
610 2 0 |a Institut français d'archéologie orientale du Caire. 
650 0 |a Excavations (Archaeology)  |z Egypt. 
651 0 |a Egypt  |x Antiquities. 
901 |a reviewed 
942 |c BK  |2 lcc 
999 |c 7765  |d 7765